Súčasný stav bilaterálnej spolupráce Švajčiarska a Európskej únie bakalárska práca

Guardado en:
Detalles Bibliográficos
Autor principal: Kajánek, Tomáš, 1995-
Autor Corporativo: Fakulta medzinárodných vzťahov EU. Katedra medzinárodných ekonomických vzťahov a hospodárskej diplomacie
Otros Autores: Mattoš, Boris, 1977-
Formato: Libro
Lenguaje:eslovaco
Publicado: Bratislava 2017
Etiquetas: Agregar Etiqueta
Sin Etiquetas, Sea el primero en etiquetar este registro!

MARC

LEADER 00000nbm a2200000 4500
001 0232067
005 20180221145615.7
041 0 |a slo 
044 |a SK 
245 1 0 |a Súčasný stav bilaterálnej spolupráce Švajčiarska a Európskej únie  |b bakalárska práca  |c Tomáš Kajánek ; školiteľ: Boris Mattoš 
264 1 |a Bratislava  |c 2017 
300 |a 60 s. 
100 1 |a Kajánek, Tomáš, 1995- 
700 1 |a Mattoš, Boris, 1977- 
710 2 |a Fakulta medzinárodných vzťahov EU. Katedra medzinárodných ekonomických vzťahov a hospodárskej diplomacie